000 00530nam a2200217Ia 4500
003 GCL
008 140319s9999 xx 000 0 aRus d
040 _aGCL /
_cGCL
082 0 4 _a861
_bL E
100 1 _aGARCIA
245 1 0 _aEPISTOLARIO II /
_cGARCIA
700 1 _aLORCA, FEDERICO
700 1 _aLLORCA, FEDERICO GARCIA
260 _a[S.N] :
_bEL ANZA, EDITORIBL ،
_c1983
300 _a183P
650 0 4 _aLITERATURE
650 0 4 _aPOEMS
650 0 4 _aSPANISH LITERATURE
650 0 4 _aSPANISH POETRY
942 _2ddc
_cBK
999 _c11442
_d11442